000 00227 a2200109 4500
001 71095
040 _cAnchieta - Colégio São Paulo
240 1 0 _aSarau CSP 2012
_l
245 1 0 _aSarau CSP 2012
650 4 _aMúsica
942 _cMX
999 _c71095
_d71095